El sueño de una noche de verano (Record no. 163980)

MARC details
000 -LEADER
campo de control de longitud fija 01194nam a22002295i 4500
001 - NÚMERO DE CONTROL
campo de control 163980
003 - IDENTIFICADOR DE NÚMERO DE CONTROL
campo de control ES-MaACL
005 - FECHA Y HORA DE LA ÚLTIMA TRANSACCIÓN
campo de control 20240513211130.0
008 - DATOS DE LONGITUD FIJA--INFORMACIÓN GENERAL
campo de control de longitud fija 050727s1852 sp | |||||||| ||spa d
040 ## - FUENTE DE CATALOGACIÓN
Centro catalogador/agencia de origen CAM
Lengua de catalogación spa
Centro/agencia transcriptor CAM
100 1# - ENTRADA PRINCIPAL--NOMBRE DE PERSONA
Nombre de persona Rosier, Joseph Bernard.
9 (RLIN) 139093
245 13 - MENCIÓN DEL TÍTULO
Título El sueño de una noche de verano
Resto del título : opera cómica en tres actos /
Mención de responsabilidad, etc. escrita en francés por los señores Rosier y de Leuven ; libremente traducida al castellano por un ingenio de esta corte [Patricio de la Escosura] y puesta en música por el maestro J. Gastambide [sic].
260 ## - PUBLICACIÓN, DISTRIBUCIÓN, ETC.
Lugar de publicación, distribución, etc. Madrid :
Nombre del editor, distribuidor, etc. [s.n.],
Fecha de publicación, distribución, etc. 1852 (
Fabricante Imprenta de la Sociedad Tipográfico-Editorial á cargo de F. Abienzo)
300 ## - DESCRIPCIÓN FÍSICA
Extensión 63 p. ;
Dimensiones 18 cm.
500 ## - NOTA GENERAL
Nota general En port.: Representada por primera vez en el Teatro del Circo en febrero de 1852.
500 ## - NOTA GENERAL
Nota general Solo la letra.
700 1# - ENTRADA AGREGADA--NOMBRE PERSONAL
Nombre de persona Leuven, Adolphe de.
9 (RLIN) 138026
700 0# - ENTRADA AGREGADA--NOMBRE PERSONAL
Nombre de persona Gaztambide, Joaquín.
9 (RLIN) 56168
700 1# - ENTRADA AGREGADA--NOMBRE PERSONAL
Nombre de persona Escosura, Patricio de la,
Fechas asociadas al nombre 1807-1878
9 (RLIN) 47617
852 ## - LOCALIZACIÓN
Ubicación ES-MaACL
Número de control de estantería F-8619(6)
Nota libre -- Enc. pasta española, falto de la cub. original
-- -- Enc. en un vol. facticio formando parte de la col. facticia "Teatro español moderno", vol. 74
Holdings
Estatus retirado Estado de pérdida Estado de daño No para préstamo Colección Biblioteca de origen Biblioteca actual Ubicación en estantería Fecha de adquisición Total de préstamos Signatura topográfica completa Código de barras Visto por última vez Precio de reemplazo Tipo de ítem Koha
        Libros del s. XIX Biblioteca del Ateneo de Madrid Biblioteca del Ateneo de Madrid Sala Pecera Planta 2 17/01/2008   F-8619(6) 1171863 23/02/2023 23/02/2023 Libro impreso antiguo